000 00319nam a22001217a 4500
999 _c12910
_d12910
008 211227b ||||| |||| 00| 0 eng d
110 _95185
_aHMSO
245 1 0 _aPrevention of pollution by garbage of ships
260 _aLondon:
_bHMSO,
_cc
300 _ax
650 0 _aMarine Pollution
_xMarine Engineering
942 _cBK